000 00574nam a22001457a 4500
005 20250207171820.0
008 241109b |||||||| |||| 00| 0 eng d
100 _aOrlinsky, Katie.
_eauthor.
_963793
245 _aEmas national park, Brazil :
_bgardener of the forest /
_cKatie Orlinsky.
260 _aWashington ;
_bNational Geographic Partners, LLC.,
_cDecember 2022.
300 _avolume 241, pages 108-109,
_billustration.
500 _aNational Geographic, v. 242, n. 12, pages 108-109, December 2022.
700 _aOrlinsky, Katie.
_eauthor.
_963865
942 _2ddc
_cPER
999 _c23120
_d23120